000 01660 a2200469 04500
001 726257
003 PE-LiUPU
005 20250731180159.0
008 050630s2008 nyu eng d
020 _a9780981631608
040 _aBibl UMM
_bspa
_cPE-LiUPU
_dPE-LiUPU
_erda
082 0 4 _a576.5
_bS224g
_223
100 _aSanford, John C.
_d1950-
_eautor
_91508
245 1 0 _aGenetic entropy /
_cJohn C. Sanford
250 _aCuarta edición
264 _a[Waterloo, NY] :
_bFMS Publications,
_c2014.
300 _aviii, 271 páginas :
_bilustraciones ;
_c23 centímetros.
504 _aIncluye índice
505 _aThe Genome is the book of life. where did it come from? -- Are ramdom mutations Good? -- How much mutation is too much? -- Selection to the rescue? -- Can genomic selection problems be solved? -- A closes look at noise -- Artifical rescue mechanisms? -- Man to the rescue? -- Can natural selection create? -- Are the downward curves real? -- Summary of major new scientific developments -- What hope?
526 _aSEG44
526 _aSEG26
526 _aP159
526 _aP155
526 _aP154
526 _aP153
526 _aP150
526 _aP100
526 _aP31
526 _aP30
526 _aP26
526 _aP25
526 _aP24
526 _aP22
526 _aP15
526 _aP10
650 1 4 _aGenética
650 1 0 _aMutación (biología)
_91428
650 1 0 _aGenoma
_91429
942 _2ddc
_cBK
_n0
980 _621515
_aDIGNA BRAÑES Analista Documental
_81
_gALBERTO SANCHEZ Responsable de Automatización
999 _c61880
_d61880